000 00677nam a2200229 a 4500
001 000031473
003 OSt
005 20240409073643.0
008 110627t1958 xx 000 0deng d
040 _aDO-SdBNP
_bspa
_cBNPHU
041 0 7 _aeng
049 _aBNPD
082 7 4 _a923.17293053
_bT866os
_222
100 1 _aOsorio Lizarazo, J. A.,
_q (José Antonio)
_d1900-1964
_922545
245 1 0 _aPortrait of Trujillo /
_cJ. A. Osorio Lizarazo.
260 _a[s. l. :
_bs. n.],
_c1958.
300 _a141 p ;
_c20 cm.
546 _aInglés
600 1 0 _aTrujillo Molina, Rafael Leónidas,
_d 1891-1961
_976764
910 _aValidado. Control de calidad EMS.
942 _2ddc
_cLBS1
999 _c30965
_d30965